000 00447nam a2200157 a 4500
001 23656
005 20180713221741.0
008 140415s1971 000 0 spa d
041 _aspa
082 _a621.92
_bOBT
245 0 0 _aOBTENGA LA MAXIMA UTILIDAD DE SUS HERRAMIENTAS ABRASIVAS
260 _a[s.l.] :
_bDIANA,
_c1971
300 _a112
490 _aMANUALES DE HERRAMIENTAS MECANICAS
650 1 4 _aABRASIVOS
_xHERRAMIENTAS
999 _c23656
_d23656